| 000 | 00544cam a2200193ua 4500 | ||
|---|---|---|---|
| 001 | 711 | ||
| 005 | 20260515113220.0 | ||
| 008 | 110413n ii |||gr||||Z||||||eng | ||
| 040 | _cMAIN | ||
| 082 | _a342.0290954 | ||
| 245 |
_aConstitution history of India. : _bIndian constitution. / _cBy Vishnoo Bhagwan. |
||
| 250 | _a4th. | ||
| 260 |
_aDelhi.: _bAtma Ram & sons.,974. |
||
| 300 |
_aix, 415 p.: _c20 cm. |
||
| 653 | _aPolitical science. | ||
| 653 | _aConstitutional history of India. | ||
| 700 |
_aBhagwan, Vishnoo., _eauthor., |
||
| 942 | _cBK | ||
| 999 |
_c638 _d638 |
||